Datum a čas kvízu
26
Celkem bodů
Celkový počet nahraných bodů na tomto kvízu bez doplňovacích otázek.
8.
Pořadí na kvízu
Konečné umístění týmu na tomto kvízu.
Zaznamenané odpovědi
| # | Otázka | Odpověď | Body | Výsledky |
|---|---|---|---|---|
| 1. | Jedinou ženou zvolenou v pátek... | Žídková | 1 | |
| 2. | Ve středu lehla popelem zbrusu... | v Německu | 0 | |
| 3. | Na úterním pražském koncertu d... | Jonas Brothers | 1 | |
| 4. | Výrobce obuvi Crocs přišel s o... | pro psy | 1 | |
| 5. | Minulý týden proběhla ve španě... | enduro / (terénní) motocykly | 1 | |
| 6. | Tentokrát se v gastronomickém... | konvektomat | 1 | |
| 7. | Napište dvě slova pocházející... | sous-vide | 1 | |
| 8. | Nyní se podíváme na symboly, k... | č. 4 | 1 | |
| 9. | Napište značku nádobí, kterou... | Remoska | 0 | |
| 10. | Tento nástroj je používán při... | krevety (a garnáti) | 0 |